[Event "Ontario op"]
[Site "Oakville CAN"]
[Date "2019.05.18"]
[Round "2.11"]
[White "Aniunoh, Chike"]
[Black "Hay, Jonathan"]
[Result "1-0"]
[WhiteElo "2161"]
[BlackElo "2050"]
[PlyCount "105"]
[EventDate "2019.05.18"]
[EventType "swiss"]
[EventRounds "6"]
[EventCountry "CAN"]

1. e4 c6 2. d4 d5 3. Nd2 dxe4 4. Nxe4 Bf5 5. Ng3 Bg6 6. Nf3 e6 7. Ne5 Nd7 8.
Nxg6 hxg6 9. c3 Bd6 10. Ne4 Bc7 11. Qf3 Ngf6 12. Bg5 Qe7 13. O-O-O O-O-O 14.
Bc4 Rh5 15. h3 Re8 16. Bb3 Qf8 17. Bxf6 Nxf6 18. g4 Rh4 19. Nxf6 gxf6 20. Qxf6
Bd8 21. Qf3 Qg7 22. Kb1 Reh8 23. c4 Qf6 24. Rd3 Qxf3 25. Rxf3 Rxg4 26. Rd1 Rg5
27. Rxf7 Rxh3 28. c5 Kb8 29. Bxe6 Rh8 30. Rd3 Rg1+ 31. Kc2 Re1 32. d5 cxd5 33.
Bxd5 Re7 34. Rxe7 Bxe7 35. Rb3 Bxc5 36. Rxb7+ Kc8 37. f3 g5 38. b4 Bb6 39. Rg7
Rh2+ 40. Kd3 Rg2 41. a4 Rg1 42. Be6+ Kb8 43. a5 Bd8 44. Bd5 Rd1+ 45. Kc4 Rc1+
46. Kb5 Rc7 47. Rg8 Rd7 48. Bc6 Rd6 49. Kc5 Rd1 50. Bd5 Kc8 51. Kc6 Re1 52. Kd6
Rd1 53. b5 1-0

[Event "Ontario op"]
[Site "Oakville CAN"]
[Date "2019.05.19"]
[Round "3.1"]
[White "Plotkin, Mark"]
[Black "Ivanov, Mike"]
[Result "1-0"]
[WhiteElo "2512"]
[BlackElo "2327"]
[PlyCount "74"]
[EventDate "2019.05.18"]
[EventType "swiss"]
[EventRounds "6"]
[EventCountry "CAN"]

1. c4 e5 2. Nc3 Nc6 3. Nf3 Nf6 4. e4 d6 5. d4 exd4 6. Nxd4 g6 7. Be3 Bg7 8. f3
O-O 9. Qd2 Re8 10. O-O-O Bd7 11. g4 a6 12. h4 Ne5 13. Be2 b5 14. h5 c5 15. Nc2
b4 16. Nd5 Nexg4 17. hxg6 hxg6 18. fxg4 Nxe4 19. Qe1 Qa5 20. Kb1 Rab8 21. Rd3
Ba4 22. Qh4 Nc3+ 23. bxc3 bxc3+ 24. Ka1 Bb3 25. Qh7+ Kf8 26. Qxg7+ Kxg7 27.
Bh6+ Kh8 28. Bg5+ Kg8 29. Nf6+ Kf8 30. Rh8+ Kg7 31. Rh7+ Kf8 32. Bh6+ Ke7 33.
Re3+ Kd8 34. Rxe8+ Kc7 35. Rxf7+ Kc6 36. Bf3+ d5 37. Bxd5+ Kd6 1-0

[Event "Ontario op"]
[Site "Oakville CAN"]
[Date "2019.05.19"]
[Round "3.2"]
[White "Rek, Slava"]
[Black "Preotu, Razvan"]
[Result "1/2-1/2"]
[WhiteElo "2330"]
[BlackElo "2637"]
[PlyCount "66"]
[EventDate "2019.05.18"]
[EventType "swiss"]
[EventRounds "6"]
[EventCountry "CAN"]

1. e4 c5 2. Nf3 d6 3. d4 cxd4 4. Nxd4 Nf6 5. Nc3 a6 6. Bg5 Nbd7 7. Qe2 h6 8.
Bh4 g6 9. f4 e5 10. Nf3 Qc7 11. O-O-O b5 12. g4 b4 13. Nd5 Nxd5 14. exd5 Bg7
15. fxe5 dxe5 16. Be7 Qa5 17. Nd4 Qxa2 18. Nc6 Bb7 19. Bxb4 Nb6 20. Qe3 Bf6 21.
Be7 Nxd5 22. Rxd5 Qxd5 23. Bxf6 Qxh1 24. Qxe5+ Kd7 25. Qd4+ Kxc6 26. Qc4+ Kd6
27. Qf4+ Kd7 28. Bxh8 Rxh8 29. Qxf7+ Kc8 30. Qe6+ Kc7 31. Qe5+ Kb6 32. Qd4+ Kc6
33. Qf6+ Kd7 1/2-1/2

[Event "Ontario op"]
[Site "Oakville CAN"]
[Date "2019.05.19"]
[Round "3.3"]
[White "Sambuev, Bator"]
[Black "Hua, Eugene"]
[Result "1-0"]
[WhiteElo "2555"]
[BlackElo "2412"]
[PlyCount "61"]
[EventDate "2019.05.18"]
[EventType "swiss"]
[EventRounds "6"]
[EventCountry "CAN"]

1. d4 Nf6 2. Nf3 d5 3. e3 e6 4. Bd3 c5 5. O-O Nc6 6. b3 Bd6 7. Bb2 O-O 8. a3 b6
9. Nbd2 Bb7 10. Qe2 Rc8 11. Ne5 Ne7 12. dxc5 Rxc5 13. b4 Rc8 14. Rad1 Qc7 15.
f4 Ng6 16. Ng4 Ne4 17. f5 exf5 18. Rxf5 Rcd8 19. Rdf1 Nxd2 20. Qxd2 Bc8 21. e4
Bxf5 22. exf5 Ne5 23. Bxe5 Bxe5 24. f6 Kh8 25. Qg5 Bd4+ 26. Kh1 Rg8 27. Qh4 g6
28. Rf3 Rge8 29. Qh6 Re1+ 30. Bf1 Rxf1+ 31. Rxf1 1-0

[Event "Ontario op"]
[Site "Oakville CAN"]
[Date "2019.05.19"]
[Round "3.4"]
[White "Munro, Allan"]
[Black "Chen, Max"]
[Result "1/2-1/2"]
[WhiteElo "2225"]
[BlackElo "2249"]
[PlyCount "116"]
[EventDate "2019.05.18"]
[EventType "swiss"]
[EventRounds "6"]
[EventCountry "CAN"]

1. e4 c5 2. Nf3 e6 3. g3 Nc6 4. Bg2 Qc7 5. O-O Be7 6. c3 Nf6 7. Qe2 O-O 8. e5
Nd5 9. c4 Nb6 10. b3 d6 11. Bb2 Rd8 12. Na3 dxe5 13. Nb5 Qd7 14. Nxe5 Nxe5 15.
Bxe5 a6 16. Nc3 Qxd2 17. Qg4 f6 18. Rad1 Qg5 19. Qxg5 fxg5 20. Rxd8+ Bxd8 21.
Bd6 Nd7 22. Ne4 Ra7 23. Nxc5 Nxc5 24. Bxc5 b6 25. Rd1 Rd7 26. Rxd7 Bxd7 27. Be3
a5 28. g4 Kf7 29. Be4 h6 30. f3 e5 31. Kf2 Ke6 32. Ke2 Kd6 33. Kd3 Be8 34. a3
Kc7 35. b4 axb4 36. axb4 Be7 37. c5 b5 38. Bd2 Bf6 39. Bc3 Kb8 40. Ke3 Kc7 41.
Bd5 Bg6 42. Be6 Kc6 43. Bg8 Kc7 44. Bd5 Be8 45. Be4 Kb8 46. Be1 Kc7 47. Bg3 Kb8
48. Bd5 Kc7 49. h3 Bg6 50. Be6 Kc6 51. Be1 Kc7 52. Bf5 Be8 53. Be4 Bf7 54. Bd3
Be8 55. Be4 Bf7 56. Bd3 Be8 57. Be4 Bf7 58. Bd3 Be8 1/2-1/2

[Event "Ontario op"]
[Site "Oakville CAN"]
[Date "2019.05.19"]
[Round "3.5"]
[White "Xu, Eddie"]
[Black "Krnan, Tomas"]
[Result "0-1"]
[WhiteElo "2037"]
[BlackElo "2515"]
[PlyCount "50"]
[EventDate "2019.05.18"]
[EventType "swiss"]
[EventRounds "6"]
[EventCountry "CAN"]

1. e4 e5 2. Nf3 Nc6 3. Bb5 a6 4. Ba4 Nf6 5. O-O Be7 6. Re1 b5 7. Bb3 O-O 8. h3
Bb7 9. d3 d5 10. exd5 Nxd5 11. Nxe5 Nd4 12. Nc3 Nb4 13. Ne4 Nxb3 14. axb3 c5
15. c3 Nc6 16. Ng3 Nxe5 17. Rxe5 Bd6 18. Rg5 f6 19. Rg4 f5 20. Rg5 g6 21. Qh5
Qe8 22. Qh6 Qe1+ 23. Kh2 Rf6 24. f4 Bf8 25. Qh4 Re8 0-1

[Event "Ontario op"]
[Site "Oakville CAN"]
[Date "2019.05.19"]
[Round "3.6"]
[White "Issani, Nameer"]
[Black "Aniunoh, Chike"]
[Result "1/2-1/2"]
[WhiteElo "2262"]
[BlackElo "2161"]
[PlyCount "127"]
[EventDate "2019.05.18"]
[EventType "swiss"]
[EventRounds "6"]
[EventCountry "CAN"]

1. d4 Nf6 2. c4 c5 3. d5 b5 4. cxb5 a6 5. Nc3 g6 6. e4 d6 7. Nf3 Bg7 8. h3 O-O
9. bxa6 Bxa6 10. Be3 Qa5 11. Qd2 Bxf1 12. Kxf1 Qb4 13. Qc2 Na6 14. a3 Qc4+ 15.
Qe2 Qb3 16. Rb1 Rfb8 17. g3 Nc7 18. Nd2 Qb7 19. b4 cxb4 20. axb4 Nd7 21. Rb3 f5
22. f3 fxe4 23. fxe4 Be5 24. Kg2 Nf6 25. Bf4 Bxf4 26. gxf4 Nh5 27. Rf1 Ra1 28.
Ndb1 Rf8 29. Qe3 Nb5 30. Ne2 Ra2 31. Nd2 Qc8 32. Nc3 Nxc3 33. Rxc3 Qb7 34. Rb3
Qb5 35. Rf2 Ra4 36. Qd4 Rxf4 37. Rxf4 Nxf4+ 38. Kf3 e5 39. dxe6 Nxe6 40. Qf6
Ng5+ 41. Kf2 Ra2 42. Ke3 Rxd2 43. Qd8+ Kg7 44. Qe7+ Kh6 45. Kxd2 Qc4 46. Rd3
Qxb4+ 47. Ke2 Qb2+ 48. Ke3 Qc1+ 49. Ke2 Qc2+ 50. Rd2 Qxe4+ 51. Qxe4 Nxe4 52.
Rd4 Ng3+ 53. Kf3 Nf5 54. Rd5 Kg5 55. Ra5 h5 56. Rd5 Kh4 57. Kf4 Kxh3 58. Kg5 h4
59. Rd3+ Kg2 60. Kxg6 Ng3 61. Rxd6 h3 62. Kf7 h2 63. Rd2+ Kg1 64. Rxh2 1/2-1/2

[Event "Ontario op"]
[Site "Oakville CAN"]
[Date "2019.05.19"]
[Round "3.7"]
[White "Zeng, Sheena"]
[Black "Zhang, Henry"]
[Result "1/2-1/2"]
[WhiteElo "1578"]
[BlackElo "2228"]
[PlyCount "74"]
[EventDate "2019.05.18"]
[EventType "swiss"]
[EventRounds "6"]
[EventCountry "CAN"]

1. d4 Nf6 2. c4 g6 3. Nc3 d5 4. cxd5 Nxd5 5. e4 Nxc3 6. bxc3 Bg7 7. Bc4 O-O 8.
Ne2 c5 9. Be3 Nc6 10. O-O Qc7 11. Rc1 Rd8 12. Qd2 Qa5 13. Rfd1 Bd7 14. Qb2 Rac8
15. f3 Be8 16. Bd5 cxd4 17. cxd4 e6 18. Bc4 Ne5 19. Bb3 Nc6 20. Bc4 Ne5 21. Bb3
Rxc1 22. Qxc1 Nc6 23. d5 exd5 24. Rxd5 Rxd5 25. exd5 Ne5 26. Ng3 Bd7 27. Ne4
Nd3 28. Qd1 b6 29. h3 Be5 30. f4 Nb2 31. Qd2 Qxd2 32. Nxd2 Bg7 33. Nf3 Nd3 34.
Bc4 Nb2 35. Bb3 Nd3 36. Bc4 Nb2 37. Bb3 Nd3 1/2-1/2

[Event "Ontario op"]
[Site "Oakville CAN"]
[Date "2019.05.19"]
[Round "3.8"]
[White "Gaisinsky, Adam"]
[Black "Xu, Daniel"]
[Result "1-0"]
[WhiteElo "2172"]
[BlackElo "2077"]
[PlyCount "53"]
[EventDate "2019.05.18"]
[EventType "swiss"]
[EventRounds "6"]
[EventCountry "CAN"]

1. e4 c5 2. Nf3 d6 3. Nc3 Nf6 4. e5 dxe5 5. Nxe5 Nbd7 6. d4 cxd4 7. Qxd4 e6 8.
Bb5 a6 9. Bxd7+ Nxd7 10. Bf4 Qb6 11. Qd3 Bb4 12. O-O-O Nxe5 13. Bxe5 O-O 14.
Ne4 f6 15. Bd4 Qc7 16. Kb1 Kh8 17. f4 e5 18. fxe5 fxe5 19. Qg3 Bf5 20. Bxe5 Qe7
21. Nc3 Bxc3 22. Bxc3 Bg6 23. h4 Qe4 24. h5 Qxc2+ 25. Ka1 Rad8 26. Rc1 Qd3 27.
hxg6 1-0

[Event "Ontario op"]
[Site "Oakville CAN"]
[Date "2019.05.19"]
[Round "3.9"]
[White "Rusonik, Max"]
[Black "Noor Ali, Aahil"]
[Result "0-1"]
[WhiteElo "2216"]
[BlackElo "2019"]
[PlyCount "125"]
[EventDate "2019.05.18"]
[EventType "swiss"]
[EventRounds "6"]
[EventCountry "CAN"]

1. e4 e5 2. Nf3 Nc6 3. Bc4 Bc5 4. b4 Bxb4 5. c3 Ba5 6. d4 d6 7. Qb3 Qe7 8. d5
Nd4 9. Nxd4 exd4 10. Qa4+ Bd7 11. Qxa5 Qxe4+ 12. Kd2 Qf4+ 13. Kc2 Qxf2+ 14. Bd2
Nf6 15. Re1+ Kd8 16. cxd4 Bf5+ 17. Bd3 Bxd3+ 18. Kxd3 Qf5+ 19. Kc4 b6 20. Qb5
Qc2+ 21. Bc3 a6 22. Qb3 b5+ 23. Kb4 a5+ 24. Ka3 b4+ 25. Ka4 Qxb3+ 26. Kxb3 bxc3
27. Nxc3 Kd7 28. Kc4 Rhc8 29. Rab1 Rab8 30. Rb5 c6 31. Rxa5 cxd5+ 32. Kd3 Ra8
33. Rxa8 Rxa8 34. a4 Ra5 35. Rb1 Kc6 36. Rb8 Ne4 37. Rb5 Rxa4 38. Rb3 Nxc3 39.
Rxc3+ Kd7 40. Rc2 f5 41. Rd2 g5 42. Ke3 Ke6 43. Rd3 f4+ 44. Kf3 Kf5 45. g4+
fxg3 46. hxg3 g4+ 47. Ke3 Ra1 48. Rb3 Re1+ 49. Kf2 Re4 50. Rb7 h5 51. Rh7 Kg5
52. Rg7+ Kf6 53. Rd7 Rxd4 54. Rxd6+ Kg5 55. Ke3 Re4+ 56. Kd3 Re5 57. Kd4 Rf5
58. Rd8 Kg6 59. Rd6+ Kf7 60. Rh6 Kg7 61. Rd6 h4 62. gxh4 g3 63. h5 0-1

[Event "Ontario op"]
[Site "Oakville CAN"]
[Date "2019.05.19"]
[Round "3.11"]
[White "Hay, Jonathan"]
[Black "Li, Eric M"]
[Result "0-1"]
[WhiteElo "2051"]
[BlackElo "2175"]
[PlyCount "132"]
[EventDate "2019.05.18"]
[EventType "swiss"]
[EventRounds "6"]
[EventCountry "CAN"]

1. d4 Nf6 2. Bf4 d5 3. e3 c5 4. Nf3 Nc6 5. Nbd2 Bg4 6. c3 e6 7. h3 Bf5 8. Nh4
Be4 9. Nxe4 Nxe4 10. Nf3 Bd6 11. Ne5 Qc7 12. Nd3 c4 13. Bxd6 Qxd6 14. Nf4 b5
15. Be2 b4 16. Qc1 O-O 17. Bf3 f5 18. Bxe4 fxe4 19. O-O Rab8 20. b3 Na5 21.
bxc4 Nxc4 22. cxb4 Rxb4 23. Qd1 Rfb8 24. Qg4 R8b6 25. h4 Qe7 26. h5 Qf6 27.
Rfc1 Rb2 28. Qd1 Qh4 29. g3 Qe7 30. Rc2 Qa3 31. Rxb2 Qxb2 32. Qc1 Kf7 33. a4
Qxc1+ 34. Rxc1 Rb4 35. Ra1 a5 36. Ne2 Nb6 37. Nc3 Kf6 38. Kg2 Kg5 39. f4+ Kxh5
40. Rh1+ Kg6 41. Ra1 Rb2+ 42. Kh3 Nc4 43. g4 Nxe3 44. Re1 Nc4 45. f5+ Kf6 46.
fxe6 Rb3 47. Rc1 Kxe6 48. Kh4 Rb4 49. Kg5 Nd6 50. Ne2 Nf7+ 51. Kh4 g5+ 52. Kh3
Rxa4 53. Rc6+ Nd6 54. Ng3 Kd7 55. Rc5 Rxd4 56. Rxa5 Rd3 57. Ra7+ Kc6 58. Rxh7
Rf3 59. Rg7 d4 60. Kg2 Ra3 61. Rxg5 Ra2+ 62. Kf1 e3 63. Re5 Nc4 64. Re8 d3 65.
Ne4 Ra1+ 66. Kg2 e2 0-1

[Event "Ontario op"]
[Site "Oakville CAN"]
[Date "2019.05.19"]
[Round "4.1"]
[White "Rek, Slava"]
[Black "Plotkin, Mark"]
[Result "1/2-1/2"]
[WhiteElo "2330"]
[BlackElo "2512"]
[PlyCount "86"]
[EventDate "2019.05.18"]
[EventType "swiss"]
[EventRounds "6"]
[EventCountry "CAN"]

1. d4 g6 2. c4 Bg7 3. Nc3 d6 4. e4 Nf6 5. f3 Nc6 6. Be3 O-O 7. Nge2 a6 8. Qd2
Rb8 9. g4 b5 10. Bh6 e5 11. Bxg7 Kxg7 12. d5 Na5 13. Ng3 c6 14. h4 bxc4 15. h5
Qb6 16. O-O-O Rb7 17. Rh2 cxd5 18. g5 Ne8 19. Nxd5 Qc5 20. Bh3 Nc7 21. Bxc8
Nxd5 22. Bxb7 Nb4 23. Qxd6 Qxd6 24. Rxd6 Nxb7 25. Rb6 Nd3+ 26. Kb1 Nbc5 27. Ne2
Rd8 28. Nc3 Ne1 29. Rc6 Ne6 30. h6+ Kf8 31. Nd5 Nxf3 32. Rf2 Nexg5 33. Rxc4 f5
34. exf5 gxf5 35. Ne3 f4 36. Ng4 e4 37. Kc1 Rd3 38. Nf6 e3 39. Nxh7+ Ke7 40.
Rxf3 Nxf3 41. Rxf4 Nd4 42. Re4+ Kd6 43. Ng5 e2 1/2-1/2

[Event "Ontario op"]
[Site "Oakville CAN"]
[Date "2019.05.19"]
[Round "4.2"]
[White "Ivanov, Mike"]
[Black "Sambuev, Bator"]
[Result "0-1"]
[WhiteElo "2327"]
[BlackElo "2555"]
[PlyCount "142"]
[EventDate "2019.05.18"]
[EventType "swiss"]
[EventRounds "6"]
[EventCountry "CAN"]

1. e4 e6 2. Nc3 d5 3. Nf3 Nf6 4. e5 Nfd7 5. Ne2 c5 6. c3 b6 7. d4 Ba6 8. h4 h6
9. a3 Qc8 10. g3 Nc6 11. Bh3 Qb7 12. O-O Be7 13. Be3 Bb5 14. b3 Na5 15. Nd2
cxd4 16. Bxd4 O-O 17. Re1 Nc6 18. Nf4 Nxd4 19. cxd4 Rfc8 20. Nf1 Bxf1 21. Bxf1
Rc3 22. Bd3 Rac8 23. Re3 b5 24. b4 Qb6 25. Kg2 a6 26. a4 Bxb4 27. axb5 a5 28.
Nh5 Bf8 29. Qg4 R8c4 30. Bxc4 Rxc4 31. Rd1 a4 32. Nf6+ Nxf6 33. exf6 Qxb5 34.
fxg7 Bxg7 35. Qf4 Qb7 36. Qg4 Qa7 37. Ra3 Qe7 38. Ra2 Qb4 39. Raa1 Qb6 40. Rab1
Qa7 41. Qf4 Kh7 42. Qd6 a3 43. Rb8 h5 44. Qd8 Rxd4 45. Rxd4 Qxd4 46. Qg8+ Kg6
47. Ra8 Qe4+ 48. Kg1 a2 49. Ra7 Qf5 50. Kg2 Qe4+ 51. Kg1 Qe1+ 52. Kg2 a1=Q 53.
Qxf7+ Kh6 54. Rxa1 Bxa1 55. Qf4+ Kg7 56. Qg5+ Kf7 57. Qxh5+ Ke7 58. Qh7+ Kd6
59. Qf7 Qe4+ 60. Kh2 Qf5 61. Qa7 Bf6 62. Qa3+ Kd7 63. Qa7+ Ke8 64. Qb8+ Kf7 65.
Qc7+ Kg6 66. Kg2 Qe4+ 67. Kg1 Bd4 68. Qc1 Qf3 69. Qc2+ Kf6 70. Kf1 Qh1+ 71. Ke2
Qg2 0-1

[Event "Ontario op"]
[Site "Oakville CAN"]
[Date "2019.05.19"]
[Round "4.3"]
[White "Preotu, Razvan"]
[Black "Gaisinsky, Adam"]
[Result "1-0"]
[WhiteElo "2637"]
[BlackElo "2172"]
[PlyCount "63"]
[EventDate "2019.05.18"]
[EventType "swiss"]
[EventRounds "6"]
[EventCountry "CAN"]

1. e4 e5 2. Nf3 Nc6 3. Bb5 a6 4. Ba4 Nf6 5. O-O Be7 6. Re1 b5 7. Bb3 d6 8. c3
O-O 9. h3 Na5 10. Bc2 c5 11. d4 Nd7 12. Nbd2 exd4 13. cxd4 Nc6 14. d5 Nce5 15.
Nh2 Bg5 16. Rb1 Re8 17. b3 Ng6 18. Nhf3 Bf6 19. Nf1 Nde5 20. N3h2 Bg5 21. Ne3
Nf4 22. g3 Nxh3+ 23. Kg2 Qf6 24. Rf1 Qg6 25. Nf5 Bxc1 26. Qxc1 Bxf5 27. exf5
Qh5 28. Qd1 Qh6 29. f4 Nd7 30. Ng4 Qh5 31. Rh1 Re7 32. Rxh3 1-0

[Event "Ontario op"]
[Site "Oakville CAN"]
[Date "2019.05.19"]
[Round "4.4"]
[White "Krnan, Tomas"]
[Black "Chen, Max"]
[Result "1/2-1/2"]
[WhiteElo "2515"]
[BlackElo "2249"]
[PlyCount "103"]
[EventDate "2019.05.18"]
[EventType "swiss"]
[EventRounds "6"]
[EventCountry "CAN"]

1. e4 c5 2. Nf3 e6 3. b3 Nc6 4. Bb2 d6 5. d4 cxd4 6. Nxd4 Nf6 7. Nxc6 bxc6 8.
e5 dxe5 9. Qxd8+ Kxd8 10. Bxe5 Bc5 11. Be2 Ke7 12. O-O Rd8 13. Bf3 Ba6 14. c4
Rac8 15. Nc3 Bd4 16. Rfe1 c5 17. Rac1 Rd7 18. Bf4 Bb7 19. Bxb7 Rxb7 20. Nb5 Rd7
21. Red1 Nh5 22. Bg5+ f6 23. Nxd4 fxg5 24. Nf3 h6 25. Rxd7+ Kxd7 26. Rd1+ Ke7
27. Ne5 Kf6 28. Ng4+ Ke7 29. g3 Rd8 30. Rxd8 Kxd8 31. Kg2 Kc7 32. Ne5 Kd6 33.
Nd3 Nf6 34. f3 a6 35. Kf2 Nd7 36. Ke3 Nf6 37. Nf2 Ke5 38. Kd3 a5 39. Kc3 Kd6
40. Nd3 g4 41. fxg4 Nxg4 42. h3 Nf6 43. Nf2 Ke5 44. Kd3 h5 45. Ke3 Kf5 46. Nd3
Nd7 47. Nf4 Nf6 48. a3 g6 49. Nd3 Nd7 50. Nf2 Nf6 51. Nd3 Nd7 52. Nf2 1/2-1/2

[Event "Ontario op"]
[Site "Oakville CAN"]
[Date "2019.05.19"]
[Round "4.5"]
[White "Hua, Eugene"]
[Black "Zeng, Sheena"]
[Result "1/2-1/2"]
[WhiteElo "2412"]
[BlackElo "1578"]
[PlyCount "110"]
[EventDate "2019.05.18"]
[EventType "swiss"]
[EventRounds "6"]
[EventCountry "CAN"]

1. c4 e6 2. g3 d5 3. Bg2 Nf6 4. Nf3 dxc4 5. Qc2 c6 6. a4 b6 7. O-O Bb7 8. Rd1
Be7 9. Na3 O-O 10. Nxc4 c5 11. d4 Qc8 12. Bf4 Nd5 13. Nd6 Bxd6 14. Bxd6 cxd4
15. Qxc8 Rxc8 16. Nxd4 Na6 17. Rac1 Nc5 18. Bxc5 Rxc5 19. Rxc5 bxc5 20. Nb5 Bc6
21. Nc3 Nxc3 22. bxc3 Bxg2 23. Kxg2 g6 24. Rd7 Rb8 25. Rc7 Rb2 26. Rxc5 Rxe2
27. Kf3 Ra2 28. a5 a6 29. c4 Kf8 30. Ke4 Ke7 31. Ke5 f6+ 32. Kd4 Kd6 33. Rc8
Rxa5 34. Rh8 Ra3 35. c5+ Kc6 36. Rc8+ Kd7 37. Rb8 Kc6 38. Rc8+ Kd7 39. Rf8 Rf3
40. Rf7+ Kc6 41. Rxh7 e5+ 42. Kc4 Rxf2 43. Ra7 Rc2+ 44. Kd3 Rxh2 45. Rxa6+ Kxc5
46. Rxf6 Kd5 47. Rxg6 Ra2 48. Ke3 Ra3+ 49. Kf2 Ke4 50. Rg4+ Kf5 51. Rb4 e4 52.
Rb5+ Kg4 53. Re5 e3+ 54. Rxe3 Rxe3 55. Kxe3 Kxg3 1/2-1/2

[Event "Ontario op"]
[Site "Oakville CAN"]
[Date "2019.05.19"]
[Round "4.6"]
[White "Noor Ali, Aahil"]
[Black "Issani, Nameer"]
[Result "0-1"]
[WhiteElo "2019"]
[BlackElo "2282"]
[PlyCount "68"]
[EventDate "2019.05.18"]
[EventType "swiss"]
[EventRounds "6"]
[EventCountry "CAN"]

1. d4 Nf6 2. c4 e6 3. Nc3 Bb4 4. e3 O-O 5. Nge2 d5 6. a3 Be7 7. cxd5 exd5 8. g3
Nbd7 9. Bg2 c6 10. O-O a5 11. f3 c5 12. dxc5 Nxc5 13. f4 Bf5 14. Nd4 Bd3 15.
Rf2 a4 16. Nxa4 Rxa4 17. b4 Qa8 18. bxc5 Be4 19. Nb3 Rd8 20. Bb2 h5 21. Bxe4
Nxe4 22. Rc2 Rc4 23. Bd4 Qa4 24. Qb1 Rc8 25. Rxc4 Qxc4 26. Na5 Qe2 27. Qa2 Nd2
28. Nb3 Nf3+ 29. Kh1 Nxd4 30. exd4 Qf3+ 31. Kg1 h4 32. Rf1 Qe3+ 33. Kg2 Rc6 34.
Rf3 h3+ 0-1

[Event "Ontario op"]
[Site "Oakville CAN"]
[Date "2019.05.19"]
[Round "4.7"]
[White "Aniunoh, Chike"]
[Black "Zhang, Henry"]
[Result "1-0"]
[WhiteElo "2161"]
[BlackElo "2228"]
[PlyCount "41"]
[EventDate "2019.05.18"]
[EventType "swiss"]
[EventRounds "6"]
[EventCountry "CAN"]

1. e4 c5 2. Nc3 Nc6 3. g3 g6 4. Bg2 Bg7 5. d3 d6 6. Be3 e6 7. Qd2 Rb8 8. Nge2
Nd4 9. O-O Ne7 10. Nc1 O-O 11. Nd1 e5 12. c3 Ndc6 13. Ne2 f5 14. d4 cxd4 15.
cxd4 d5 16. exd5 Nxd5 17. Bg5 Nde7 18. d5 Nd4 19. Nxd4 exd4 20. Re1 Rf7 21. d6
1-0

[Event "Ontario op"]
[Site "Oakville CAN"]
[Date "2019.05.19"]
[Round "4.9"]
[White "Xu, Daniel"]
[Black "Loadman, Ian"]
[Result "0-1"]
[WhiteElo "2077"]
[BlackElo "2119"]
[PlyCount "78"]
[EventDate "2019.05.18"]
[EventType "swiss"]
[EventRounds "6"]
[EventCountry "CAN"]

1. d4 Nf6 2. c4 g6 3. Nc3 Bg7 4. e4 d6 5. f3 O-O 6. Be3 c5 7. Nge2 Nc6 8. d5
Ne5 9. Ng3 e6 10. Be2 exd5 11. cxd5 a6 12. a4 h5 13. O-O h4 14. Nh1 h3 15. g3
Rb8 16. Nf2 Re8 17. f4 Ned7 18. Qd3 Qe7 19. Bf3 b5 20. axb5 axb5 21. Nxb5 Nxd5
22. Qxd5 Rxb5 23. Rad1 Rb6 24. b4 Bb7 25. Qd2 f5 26. bxc5 Nxc5 27. Bxc5 dxc5
28. Rfe1 Rb2 29. Qc1 Rxf2 30. Qc4+ Kh8 31. exf5 Bxf3 32. Rxe7 Rg2+ 33. Kf1 Rxe7
34. Rd8+ Kh7 35. fxg6+ Kh6 36. Qxc5 Be2+ 37. Ke1 Bc4+ 38. Qxe7 Bc3+ 39. Kd1
Bb3+ 0-1

[Event "Ontario op"]
[Site "Oakville CAN"]
[Date "2019.05.19"]
[Round "4.10"]
[White "Xu, Eddie"]
[Black "Rusonik, Max"]
[Result "1-0"]
[WhiteElo "2037"]
[BlackElo "2216"]
[PlyCount "35"]
[EventDate "2019.05.18"]
[EventType "swiss"]
[EventRounds "6"]
[EventCountry "CAN"]

1. e4 e5 2. Nf3 Nc6 3. Bb5 f5 4. d3 fxe4 5. dxe4 Nf6 6. Nc3 d6 7. Qd3 Be6 8.
Ng5 Bg8 9. f4 exf4 10. Bxf4 Be7 11. Nf3 a6 12. Ba4 Nd7 13. Bxc6 bxc6 14. O-O
Bf7 15. Nd4 Nc5 16. Qg3 Bf6 17. e5 dxe5 18. Bxe5 1-0

[Event "Ontario op"]
[Site "Oakville CAN"]
[Date "2019.05.20"]
[Round "5.1"]
[White "Sambuev, Bator"]
[Black "Plotkin, Mark"]
[Result "1-0"]
[WhiteElo "2555"]
[BlackElo "2512"]
[PlyCount "133"]
[EventDate "2019.05.18"]
[EventType "swiss"]
[EventRounds "6"]
[EventCountry "CAN"]

1. d4 Nf6 2. g3 e6 3. Bg2 c5 4. Nf3 b6 5. c4 Bb7 6. d5 exd5 7. Nh4 g6 8. cxd5
Bg7 9. O-O O-O 10. Nc3 Re8 11. Rb1 d6 12. b3 a6 13. a4 b5 14. axb5 axb5 15. b4
Na6 16. bxc5 Nxc5 17. Nxb5 Ba6 18. Nd4 Bc4 19. Rb4 Bxd5 20. Nc6 Bxg2 21. Nxd8
Bxf1 22. Kxf1 Raxd8 23. Bb2 d5 24. Rb5 Nce4 25. e3 Rc8 26. Rb7 Nc3 27. Bxc3
Rxc3 28. Nf3 h6 29. Kg2 Rec8 30. Ne5 R3c7 31. Qb3 Rxb7 32. Qxb7 Rf8 33. g4 h5
34. g5 Nh7 35. Nf3 Re8 36. Qd7 Re6 37. Qxd5 Nf8 38. Qd8 Re4 39. h3 Rb4 40. Qe7
Rb5 41. h4 Rd5 42. Qb7 Rd8 43. Qe7 Ne6 44. Ng1 Bf8 45. Qb7 Ng7 46. Qb6 Rd6 47.
Qb8 Nf5 48. Nf3 Re6 49. Qa8 Rd6 50. e4 Ng7 51. Ne5 Re6 52. Nd7 Ne8 53. f4 Re7
54. Nxf8 Kxf8 55. Qa3 f5 56. exf5 gxf5 57. Qc5 Ng7 58. g6 Ne8 59. Qxf5+ Kg7 60.
Qxh5 Nf6 61. Qg5 Ra7 62. h5 Ng8 63. Qe5+ Nf6 64. Kh3 Ra6 65. Kh4 Rc6 66. Qe7+
Kh8 67. h6 1-0

[Event "Ontario op"]
[Site "Oakville CAN"]
[Date "2019.05.20"]
[Round "5.2"]
[White "Krnan, Tomas"]
[Black "Preotu, Razvan"]
[Result "1/2-1/2"]
[WhiteElo "2515"]
[BlackElo "2637"]
[PlyCount "83"]
[EventDate "2019.05.18"]
[EventType "swiss"]
[EventRounds "6"]
[EventCountry "CAN"]

1. e4 c5 2. Nf3 d6 3. Bb5+ Nd7 4. O-O a6 5. Bd3 Ngf6 6. Re1 e6 7. c3 Be7 8. Bc2
b5 9. d4 cxd4 10. cxd4 Bb7 11. a3 Rc8 12. Nc3 Qc7 13. Bf4 h6 14. h3 Qb8 15. Rc1
Qa8 16. d5 e5 17. Be3 Bd8 18. Bd3 Bb6 19. b4 Bxe3 20. fxe3 O-O 21. Nd2 Nb6 22.
Qe2 Rc7 23. Rc2 Qd8 24. Rec1 g6 25. a4 Nxa4 26. Nxa4 Rxc2 27. Rxc2 bxa4 28. Nc4
Bxd5 29. exd5 e4 30. Ra2 exd3 31. Qxd3 Qd7 32. Nb2 Rc8 33. Rxa4 Rc1+ 34. Kh2
Qb5 35. Rxa6 Qxb4 36. Qd4 Qxd4 37. exd4 Ne4 38. Rc6 Rc3 39. Nc4 Kg7 40. Nd2 Re3
41. Nxe4 Rxe4 42. Rxd6 1/2-1/2

[Event "Ontario op"]
[Site "Oakville CAN"]
[Date "2019.05.20"]
[Round "5.3"]
[White "Chen, Max"]
[Black "Rek, Slava"]
[Result "1/2-1/2"]
[WhiteElo "2249"]
[BlackElo "2330"]
[PlyCount "92"]
[EventDate "2019.05.18"]
[EventType "swiss"]
[EventRounds "6"]
[EventCountry "CAN"]

1. e4 d5 2. exd5 Nf6 3. c4 c6 4. d4 cxd5 5. Nc3 Nc6 6. Nf3 e6 7. Bg5 Be7 8. Be2
dxc4 9. Bxc4 O-O 10. O-O h6 11. Bh4 a6 12. Bb3 b5 13. d5 Nxd5 14. Bxd5 exd5 15.
Qxd5 Bxh4 16. Nxh4 Qxh4 17. Qxc6 Rb8 18. Qe4 Qh5 19. Qf4 Bb7 20. Rfe1 Qg6 21.
Ne4 Rfe8 22. Ng3 Rbd8 23. h4 Qc6 24. f3 Qc5+ 25. Kh2 Qf2 26. Rad1 Bc6 27. Re7
Rxe7 28. Rxd8+ Re8 29. Rxe8+ Bxe8 30. Qe5 Bd7 31. a3 Be6 32. b4 Qc2 33. Nh5 Qg6
34. Nf4 Qf5 35. Qxf5 Bxf5 36. g4 Bc8 37. Kg3 Kf8 38. Nd5 Bb7 39. Nc3 Ke7 40.
Kf4 Kd6 41. Ke3 f6 42. f4 Bc8 43. Kf3 Bb7+ 44. Ke3 Bc8 45. Kf3 Bb7+ 46. Ke3 Bc8
1/2-1/2

[Event "Ontario op"]
[Site "Oakville CAN"]
[Date "2019.05.20"]
[Round "5.4"]
[White "Issani, Nameer"]
[Black "Munro, Allan"]
[Result "0-1"]
[WhiteElo "2252"]
[BlackElo "2225"]
[PlyCount "92"]
[EventDate "2019.05.18"]
[EventType "swiss"]
[EventRounds "6"]
[EventCountry "CAN"]

1. d4 d5 2. c4 c6 3. Nf3 Nf6 4. e3 Bf5 5. Nc3 e6 6. Be2 Nbd7 7. Nh4 Be4 8. f3
Bg6 9. Nxg6 hxg6 10. c5 Qc7 11. f4 b6 12. b4 a5 13. Qa4 Be7 14. Rb1 O-O 15. b5
bxc5 16. bxc6 Nb6 17. Qb3 Rfb8 18. Bb5 c4 19. Qc2 Nc8 20. a3 Na7 21. Qa4 Nxb5
22. Rxb5 Rxb5 23. Qxb5 Rb8 24. Qa6 Rb6 25. Qa8+ Kh7 26. Qxa5 Qxc6 27. Qa7 Qb7
28. Qxb7 Rxb7 29. Kd2 Rb3 30. Kc2 Bxa3 31. Bxa3 Rxa3 32. Rb1 Ng4 33. Kd2 Nxe3
34. Rb7 Nf5 35. Rxf7 Nxd4 36. Re7 Rb3 37. g4 Kg8 38. h3 Kf8 39. Rc7 Nf3+ 40.
Kc2 Ng1 41. h4 Nf3 42. g5 Nd4+ 43. Kd2 Rb2+ 44. Ke1 Rh2 45. Rc8+ Kf7 46. Rc7+
Kg8 0-1